000 01139nmm a2200313 a 4500
001 ocm0002347526
003 TR-IsHL
005 20201028185450.0
008 190818s2002 tu tur
007 cr cn
020 _a9789758719013
035 _a2347526
_b(N$T)
050 0 4 _aBP80.W26
_bJ3319 2002
090 0 4 _aBP80.W26
_bJ3319 2002
100 1 _aCelbani, Ghulam Husain
245 1 0 _aŞah Veliyyulah'ın hayatı: hayatı ve eserleri
_h[electronic resource] /
_cGhulam Husain Celbani ; çeviren Hasan Nureddin
250 _a Birinci Basım
260 _aİsanbul :
_bGelenek,
_c2002
300 _a87 p.
500 _aOrijial Adı: The Life of Shah Veliyyullah
650 4 _aFelsefe, Psikoloji ve Din
650 4 _aPhilosophy, Psychology and Religion
650 0 _aWalī Allāh al-Dihlawī, 1702 or 3-1762 or 3.
650 0 _aMüslümanlar
_x Hindistan
_x Biyografi
650 0 _aMuslims
_x India
_x Biography
650 7 _aBIOGRAPHY & AUTOBIOGRAPHY / Religious
_2bisacsh
700 1 _aNureddin, Hasan
856 4 0 _uhttp://search.ebscohost.com/login.aspx?direct=true&scope=site&db=e011xww&AN=2347526
999 _c21476
_d21476